Регионална библиотека "Любен Каравелов" - Русе

Почти преструвка (Запис номер 531049)

MARC детайли
000 -Лидер
Лидер 01014nam a2200277 a 4500
003 - Код на организацията, давaща контролен номер
Код на организацията, даваща контролен номер BLK
005 - Дата и час на последна редакция
Дата и час на последна редакция 20250802114042.0
008 - Елементи от данни с фиксирана дължина
Елементи с фиксирана дължина 230502b bu |||||r|||| 00| | bu d
020 ## - Международен стандартен номер на книга ISBN
ISBN 9789543898251
040 ## - Източник на каталожния запис
Код на библиотеката BLK
041 ## - Код за език
Език Български
Език за КДБФ Български
080 ## - УДК
УДК текст Американска литература (на САЩ)
УДК код 821.111(73)
УДК – определител -31
УДК – код + определител 821.111(73)-31
084 ## - Класификационен индекс по друга класификация
Авторски знак Сн - С 48
100 ## - Редна дума - Автор
R(LIN) 487505
Автор Сноу, Никол
245 ## - Сведения за заглавието
Заглавие Почти преструвка
Авторска отговорност Никол Сноу ; прев. Милена Тодорова
260 ## - Област на издателските данни
9 (RLIN) 209478
Място на издаване София
Име на издателя Ера
Година на издаване 2025
300 ## - Физическа характеристика
Брой страници 431 с.
Размер 20 см
380 ## - Жанр
Жанр Худож. лит.
500 ## - Общи забележки
Обща забележка Ориг. загл.: Almost pretend / Nicole Snow
700 ## - Други автори (авторска отговорност)
Друг автор Тодорова, Милена
9 (RLIN) 383639
Авт. отговорност на др. автор прев. на том
852 ## - Местоположение
Отдел Заемна - подръчен фонд
Систематично-азбучна сигнатура 821-31/С 48 Н
856 ## - Електронен адрес и достъп
Инструкция (цена за достъп) 0.00
Права за достъп disable
942 ## - АРТИКУЛИ
Вид на библиотечния документ Книги
Скрит в OPAC Не
Периодичен библиозапис Да
Koha issues (borrowed), all copies 9
944 ## - СЪЗДАВАНЕ И РЕДАКЦИЯ на ЗАПИСА
Дата на регистрацията/редакция Моника Янева
Служител, извършил регистрацията/редакцията 30575
Създаване/Редакция
Номер на служител Мартин Енчев
999 ## - СИСТЕМНИ КОНТРОЛНИ НОМЕРА
Koha biblionumber 531049
Koha biblioitemnumber 531049
Наличности
Код за отписване Код за изгубен артикул Източник на класификационната схема Код за повреда Код за отдаване Артикулен № Име на библиотеката - собственик Име на библиотеката, в която се намира в момента Статус (Текущо местоположение) Дата на вписване в системата Местоположение - отдел Цена в лева Инвентарен номер Систематично азбучна сигнатура Баркод Цена в евро Служебен тип на артикула
  Не е изгубен Universal Decimal Classification Не е повреден заемане за дома 966010 Регионална библиотека "Любен Каравелов" Русе Регионална библиотека "Любен Каравелов" Русе Заемна - подръчен фонд 2025-04-07 Заемна - подръчен фонд 16.10 120000919141 821-31/С 48 Н 120000919141 8.23 Книги
  Не е изгубен Universal Decimal Classification Не е повреден заемане за дома 966011 Регионална библиотека "Любен Каравелов" Русе Регионална библиотека "Любен Каравелов" Русе Заемна - подръчен фонд 2025-04-07 Заемна - подръчен фонд 16.10 120000919142 821-31/С 48 Н 120000919142 8.23 Книги
Vip Innovations Ltd, Rousse, Bulgaria 2025